Дело об утверждении Дерптским университетом в степени докторов медицины врачей: Верровского уезда Лифляндской губернии - Гейне и...

Доступно только в Электронных читальных залах Найти на картеНа карте
RUSMARC
00004140nmc2a2200000 x 450
0011abd6f47-cb7e-409b-9a4a-5f261f3c7a57
00520151215090803.0
100##$a20150819l18181818k l0rusy0189 ca
1010#$arus
102##$aRU
2001#$aДело об утверждении Дерптским университетом в степени докторов медицины врачей: Верровского уезда Лифляндской губернии - Гейне и Калязинского уезда Тверской губернии - Фалке
$j6-28 сентября 1818 г.
251##$cДело
300##$aДело
300##$aОриг. заголовок дела: Дело по представлению попечителя Дерптского учебного округа с препровождением двух докторских дипломов и диссертаций врачей Гейне и Фалка. 6 сентября 1818 г. - 28 сентября 1818 г
801#0$aRU
$bРГИА
$c20150819
$gRCR
801#1$aRU
$bГлавНИВЦ
$c20150819
$2rusmarc
801#2$aRU
$bПБ им. Б.Н. Ельцина
$c20151215
$gRCR
$2rusmarc
850##$aРГИА
852##$aРГИА
$eФедеральное казенное учреждение "Российский государственный исторический архив" (РГИА)
$j72
937##$hРГИА
$d12085831
$aASBIBLIO_SCAN
462#0$100110dcdccd-ec79-4ee8-a204-b9d031b41c04
$12001
$aМедицинские дела Департамента народного просвещения
$1251
$cОпись
$1852
$j99
461#0$1001a74412a3-3cc5-4d21-8f0a-dfe2fbd9e72d
$12001
$aДепартамент народного просвещения Министерства народного просвещения
$1251
$cФонд
$1852
$j733
215##$a12 л.
$d36,5x26 см
371##$aДокумент не является опубликованным и широко распространяемым
5171#$aДело по представлению попечителя Дерптского учебного округа с препровождением двух докторских дипломов и диссертаций врачей Гейне и Фалка. 6 сентября 1818 г. - 28 сентября 1818 г
105##$aу###
1222#$ad
035##$a1abd6f47-cb7e-409b-9a4a-5f261f3c7a57
Формат отображения